LEADER 01523nam a2200253 i 4500 001 000000025181 003 CaOOAMICUS 005 20221025141945.0 008 180830s1769 it u000 u ita u 040 $aSeMil$bita 100 1 $aCastiglione, Baldassare,$d<1478-1529>.$0(OLS)http://semarc/name/1544 245 10$aLettere del conte Baldessar Castiglione ora per la prima volta date in luce e con annotazioni storiche illustrate dall'abate Pierantonio Serassi. Volume primo [-secondo]. 260 $aIn Padova :$bPresso Giuseppe Comino,$c1769-1771. 300 $a2 volumi ;$c4°. 500 $aIniziali e fregi xilogr. 500 $aImbrunimento di alcune c. e tracce di umidità 500 $aMarca tip. sui front.: Scavatore di anticaglie. Motto: Quidquid sub terra est in apricum proferet aetas 700 1 $aSerassi, Piero Antonio,$d<1721-1791>.$0(OLS)http://semarc/name/75961 700 1 $aComino, Giuseppe,$c.$0(OLS)http://semarc/name/2720 774 0 $tVolume primo contenente le Famigliari, e i tre primi libri di Negozj & c.$g1$w()203887 774 0 $tVolume secondo contenente i tre ultimi libri di Negozi ed altre opere delle quali vedi l'avviso ai lettori.$g2$w()203888 996 $6245$aLettere del conte Baldessar Castiglione ora per la prima volta date in luce e con annotazioni storiche illustrate dall'abate Pierantonio Serassi. Volume primo [-secondo]$9(OLS)http://semarc/title/33915 996 $6260$aIn Padova :$bPresso Giuseppe Comino$9(OLS)http://semarc/publisher/36696 LEADER 01286nam a2200265 i 4500 001 000000061986 003 CaOOAMICUS 005 20210415121006.0 008 090409s1997 it u000 u mul u 013 $a33158 040 $aSeMil$bita 100 1 $aVillani, Filippo,$d.$0(OLS)http://semarc/name/31472 245 10$aPhilippi Villani De origine civitatis Florentie et de eiusdem famosis civibus /$cedidit Giuliano Tanturli. 260 $aPatavii :$bin aedibus Antenoreis,$c1997. 300 $aCXXXI, 496 p. ;$c21 cm. 490 0 $aThesaurus mundi : bibliotheca scriptorum latinorum mediae et recentioris aetatis ;$v26 650 4$aFirenze - Storia.$0(OLS)http://semarc/subject/361 700 1 $aTanturli, Giuliano.$0(OLS)http://semarc/name/31473 830 0$aThesaurus mundi : bibliotheca scriptorum latinorum mediae et recentioris aetatis ;$v26.$0(OLS)http://semarc/title/517 850 $aSeMil 852 $aSeMil$W1$xVenegono$y1$m2Q II 192$j28139$B28139$CSeMilBibl$Z2$F28142 $81 961 $aAcquisto: Casa editrice 996 $6245$aPhilippi Villani De origine civitatis Florentie et de eiusdem famosis civibus$9(OLS)http://semarc/title/97528 996 $6260$aPatavii :$bin aedibus Antenoreis$9(OLS)http://semarc/publisher/35443